00460nam a22001577a 4500003000900000005001700009008004100026040001300067082001800080100002600098245003600124260004400160300002100204650004900225700002800274BDDh-ASL20231015025945.0210117s1990 bg ||||| |||| 00| 0 eng d cBDDh-ASL a303.3309bMAP1 aAzam, Khwaja Mahomed 14aThe Panchayat System of Dhaka / aDhaka: bThe Dhaka City Museum, c1990. a79 p.: c22 cm.  0aDhaka Panchayat SystemxDhaka Study zDhaka 1 aHollander, A. N. J. den